| 000 | 00462nam a22001817a 4500 | ||
|---|---|---|---|
| 999 |
_c3482 _d3482 |
||
| 003 | OSt | ||
| 005 | 20181113171210.0 | ||
| 008 | 181113b ||||| |||| 00| 0 eng d | ||
| 020 | _a0882437283 | ||
| 040 |
_bDLC _cDLC _dDLC |
||
| 082 |
_a234.13 _bY46B |
||
| 100 | _aYeomans, Lilian B. | ||
| 245 | _aBalm of Gilead | ||
| 260 |
_aSpringfield _bRadiant Book Gospel Publishing House _cc1992 |
||
| 300 |
_a80p.; _c17cm |
||
| 650 | _2Spiritual Healing | ||
| 942 |
_2ddc _cBK |
||